[Event "Valencia Carabobeno 3rd"]
[Site "Valencia"]
[Date "2017.08.27"]
[Round "4"]
[White "Lopez Abreu, Michel Samuel"]
[Black "Ojeda, Argenis"]
[Result "1-0"]
[WhiteElo "2077"]
[BlackElo "1937"]
[PlyCount "85"]
[EventDate "2017.08.25"]
[EventType "swiss"]
[EventRounds "5"]
[EventCountry "VEN"]
[SourceTitle "CBM 180 Extra"]
[Source "ChessBase"]
[SourceDate "2017.10.06"]
[SourceVersion "1"]
[SourceVersionDate "2017.10.06"]
[SourceQuality "1"]

1. c4 Nf6 2. Nc3 g6 3. g3 Bg7 4. Bg2 0-0 5. Nf3 d6 6. 0-0 e5 7. d3 Nc6 8. Rb1 a5 9. a3 h6 10. b4 axb4 11. axb4 Be6 12. b5 Ne7 13. h3 c6 14. bxc6 bxc6 15. Rb7 Nd7 16. Qc2 Nc5 17. Rb1 d5 18. cxd5 cxd5 19. Nb5 Na6 20. Ba3 Nb8 21. Qc5 Nec6 22. Qc1 Qd7 23. Bxf8 Bxf8 24. Kh2 Na6 25. Qd2 Bg7 26. Rfc1 Rb8 27. Nc3 Rxb1 28. Rxb1 Nab8 29. Na4 Qd8 30. Qc2 Ne7 31. Nc5 Qc8 32. Qb3 Qxc5 33. Qxb8+ Kh7 34. Qb4 Qxb4 35. Rxb4 Nc6 36. Rb6 Ne7 37. Nd2 d4 38. Nc4 Nd5 39. Bxd5 Bxd5 40. Rb5 Bxc4 41. dxc4 Bf6 42. Rd5 Kg7 43. c5 1-0

[Event "Valencia Carabobeno 3rd"]
[Site "Valencia"]
[Date "2017.08.25"]
[Round "1"]
[White "Ledezma Villamizar, Gabriel Enrique"]
[Black "Lopez Abreu, Michel Samuel"]
[Result "1/2-1/2"]
[WhiteElo "1902"]
[BlackElo "2077"]
[PlyCount "97"]
[EventDate "2017.08.25"]
[EventType "swiss"]
[EventRounds "5"]
[EventCountry "VEN"]
[SourceTitle "CBM 180 Extra"]
[Source "ChessBase"]
[SourceDate "2017.10.06"]
[SourceVersion "1"]
[SourceVersionDate "2017.10.06"]
[SourceQuality "1"]

1. e4 Nf6 2. e5 Nd5 3. c4 Nb6 4. d4 d6 5. exd6 exd6 6. Bd3 Nc6 7. Be3 Be7 8. h3 Bf6 9. Nf3 0-0 10. 0-0 Nb4 11. Be2 Bf5 12. Nc3 Nc2 13. Rc1 Nxe3 14. fxe3 Re8 15. Bd3 Bg6 16. Bxg6 hxg6 17. Qd3 c5 18. Ne4 Qe7 19. Nfd2 Rad8 20. Nxf6+ gxf6 21. Rf3 d5 22. Rcf1 f5 23. Rg3 cxd4 24. exd4 dxc4 25. Nxc4 Qh4 26. Nxb6 axb6 27. Kh2 Rxd4 28. Qb5 Re6 29. Rxf5 Rd1 30. Qb3 Rde1 31. Qf3 Qd4 32. Qf2 Qd1 33. Rg4 Rh1+ 34. Kg3 Qd6+ 35. Qf4 Re3+ 36. Kh4 Qe7+ 37. Qg5 Qxg5+ 38. Rfxg5 Kh7 39. Rg3 Re4+ 40. R5g4 Re2 41. Rb3 Rg1 42. Rxb6 Rgxg2 43. Rxb7 Kh6 44. Rb6 Rxb2 45. Rxg2 Rxb6 46. Rf2 Rb4+ 47. Kg3 f5 48. Rf4 Rb5 49. a4 1/2-1/2

[Event "Valencia Carabobeno 3rd"]
[Site "Valencia"]
[Date "2017.08.25"]
[Round "2"]
[White "Lopez Abreu, Michel Samuel"]
[Black "Blanco Da Silva, Cristofer R"]
[Result "1/2-1/2"]
[WhiteElo "2077"]
[BlackElo "1979"]
[PlyCount "92"]
[EventDate "2017.08.25"]
[EventType "swiss"]
[EventRounds "5"]
[EventCountry "VEN"]
[SourceTitle "CBM 180 Extra"]
[Source "ChessBase"]
[SourceDate "2017.10.06"]
[SourceVersion "1"]
[SourceVersionDate "2017.10.06"]
[SourceQuality "1"]

1. c4 Nf6 2. Nc3 g6 3. g3 Bg7 4. Bg2 0-0 5. e3 e5 6. Nge2 d6 7. d3 Nc6 8. 0-0 Bg4 9. b4 Qc8 10. b5 Nd8 11. Re1 Bh3 12. Bh1 Ng4 13. Nd5 Kh8 14. Rb1 f5 15. a4 Ne6 16. f4 g5 17. Bg2 Bxg2 18. Kxg2 c6 19. Nb4 Rg8 20. h3 Nf6 21. Rf1 Qd7 22. Bb2 gxf4 23. exf4 Nh5 24. Bc1 Rae8 25. Nc2 exf4 26. Nxf4 Nexf4+ 27. Bxf4 Nxf4+ 28. Rxf4 Be5 29. Rf3 Qg7 30. Qe1 f4 31. g4 h5 32. Qh4 Qg5 33. Qxg5 Rxg5 34. d4 hxg4 35. hxg4 Bg7 36. Rh1+ Kg8 37. Rh4 Re4 38. Rc3 Bxd4 39. Nxd4 Rxd4 40. Kf3 Re5 41. Rh6 d5 42. bxc6 bxc6 43. Rb3 dxc4 44. Rb7 c3 45. Rg6+ Kf8 46. Rh6 Kg8 1/2-1/2

[Event "Valencia Paredes Rodriguez Memorial"]
[Site "Valencia"]
[Date "2017.08.12"]
[Round "4"]
[White "Lopez Abreu, Michel Samuel"]
[Black "Ojeda, Argenis"]
[Result "1-0"]
[WhiteElo "2077"]
[BlackElo "1937"]
[PlyCount "59"]
[EventDate "2017.08.09"]
[EventType "swiss"]
[EventRounds "6"]
[EventCountry "VEN"]
[SourceTitle "CBM 180 Extra"]
[Source "ChessBase"]
[SourceDate "2017.10.06"]
[SourceVersion "1"]
[SourceVersionDate "2017.10.06"]
[SourceQuality "1"]

1. c4 e5 2. Nc3 Nf6 3. Nf3 Nc6 4. g3 Bb4 5. Bg2 0-0 6. Nd5 e4 7. Nh4 Re8 8. Nf5 d6 9. Nfe3 Bd7 10. a3 Bc5 11. b4 Bd4 12. Rb1 Ne5 13. Nxf6+ Qxf6 14. Bxe4 Nxc4 15. Bxb7 Rab8 16. Bf3 Ne5 17. Bg2 a5 18. 0-0 c5 19. Nd5 Qg6 20. Bb2 axb4 21. Bxd4 cxd4 22. Rxb4 Rxb4 23. axb4 d3 24. e3 Bg4 25. Qa4 Kf8 26. f3 Bd7 27. Qa6 Bc6 28. f4 Ra8 29. Qb6 Bxd5 30. Bxd5 1-0

[Event "Valencia Paredes Rodriguez Memorial"]
[Site "Valencia"]
[Date "2017.08.11"]
[Round "2"]
[White "Ledezma Villamizar, Gabriel Enrique"]
[Black "Lopez Abreu, Michel Samuel"]
[Result "0-1"]
[WhiteElo "1902"]
[BlackElo "2077"]
[PlyCount "80"]
[EventDate "2017.08.09"]
[EventType "swiss"]
[EventRounds "6"]
[EventCountry "VEN"]
[SourceTitle "CBM 180 Extra"]
[Source "ChessBase"]
[SourceDate "2017.10.06"]
[SourceVersion "1"]
[SourceVersionDate "2017.10.06"]
[SourceQuality "1"]

1. e4 Nf6 2. e5 Nd5 3. c4 Nb6 4. d4 d6 5. exd6 exd6 6. Bd3 Nc6 7. Be3 Be7 8. Nf3 Bg4 9. Nbd2 Bf6 10. Be2 0-0 11. 0-0 h6 12. a3 d5 13. c5 Nc8 14. Re1 N8e7 15. h3 Be6 16. Nb3 Nf5 17. Bf4 g5 18. Bh2 a5 19. Bb5 Na7 20. Bd3 a4 21. Bxf5 Bxf5 22. Nbd2 Nc6 23. Nf1 Be4 24. Be5 Re8 25. N1h2 Nxe5 26. Nxe5 c6 27. Qh5 Bxe5 28. dxe5 Kg7 29. Ng4 Re6 30. Rad1 Bf5 31. f4 Qe7 32. Ne3 Bg6 33. Qg4 Qxc5 34. fxg5 Rxe5 35. gxh6+ Kh7 36. Rd4 Rd8 37. Rf1 Rde8 38. Qf4 R8e6 39. Ng4 Re1 40. Qc7 Qxd4+ 0-1

[Event "Valencia Alcance op"]
[Site "Valencia"]
[Date "2017.08.04"]
[Round "2"]
[White "Lopez Abreu, Michel Samuel"]
[Black "Benavides Montenegro, Maicol Alexander"]
[Result "0-1"]
[WhiteElo "2077"]
[BlackElo "2000"]
[PlyCount "90"]
[EventDate "2017.08.04"]
[EventType "swiss"]
[EventRounds "7"]
[EventCountry "VEN"]
[SourceTitle "EXT 2018"]
[Source "ChessBase"]
[SourceDate "2017.10.13"]
[SourceVersion "1"]
[SourceVersionDate "2017.10.13"]
[SourceQuality "1"]

1. c4 Nf6 2. Nc3 g6 3. g3 Bg7 4. Bg2 0-0 5. d3 d6 6. e3 c6 7. Qb3 Qc7 8. Nge2 b6 9. 0-0 Bb7 10. h3 e5 11. e4 Nbd7 12. Qd1 a5 13. Be3 Nc5 14. Qd2 Rad8 15. Bg5 Ne6 16. Bh6 d5 17. Bxg7 Kxg7 18. Qc1 dxc4 19. dxc4 Rd3 20. f4 Nh5 21. f5 Nd4 22. Kh2 Rd8 23. g4 Nxe2 24. Nxe2 Nf6 25. fxg6 hxg6 26. Qg5 Nh7 27. Qh4 f6 28. Qf2 Rd2 29. h4 Rxb2 30. Rfd1 Ba6 31. Qe3 Bxc4 32. Nc3 Rd4 33. Kh1 Qd6 34. g5 Rc2 35. gxf6+ Nxf6 36. Rdc1 Rd3 37. Qe1 Rdxc3 38. Rxc2 Rxc2 39. Rd1 Qe6 40. Qg3 Nh5 41. Qg5 Nf4 42. Qd8 Bd3 43. Rxd3 Nxd3 44. Qxd3 Rc1+ 45. Kh2 Qg4 0-1

[Event "Valencia Renovando op"]
[Site "Valencia"]
[Date "2017.07.14"]
[Round "3"]
[White "Lopez Abreu, Michel Samuel"]
[Black "Ojeda, Argenis"]
[Result "1-0"]
[WhiteElo "2077"]
[BlackElo "1965"]
[PlyCount "69"]
[EventDate "2017.07.13"]
[EventType "swiss"]
[EventRounds "9"]
[EventCountry "VEN"]
[SourceTitle "EXT 2018"]
[Source "ChessBase"]
[SourceDate "2017.10.13"]
[SourceVersion "1"]
[SourceVersionDate "2017.10.13"]
[SourceQuality "1"]

1. c4 g6 2. Nc3 c5 3. Nf3 Nc6 4. d4 cxd4 5. Nxd4 Bg7 6. Nb3 d6 7. e4 Bxc3+ 8. bxc3 Nf6 9. f3 Be6 10. Be3 0-0 11. Be2 Ne5 12. c5 Nc4 13. Bh6 Qc7 14. Bxf8 Rxf8 15. Qd4 dxc5 16. Nxc5 Na3 17. Rc1 Bc4 18. Bxc4 Nxc4 19. Qxc4 b6 20. Qb5 bxc5 21. Rb1 Qe5 22. Qc4 Qg5 23. Qe2 Rd8 24. g3 Qe5 25. Rc1 h5 26. Kf2 h4 27. Rhe1 Nh5 28. Rg1 c4 29. Rcd1 Rxd1 30. Qxd1 Qxc3 31. Qe2 Qd4+ 32. Kg2 hxg3 33. hxg3 f5 34. Rd1 Qe5 35. f4 1-0

[Event "Valencia Renovando op"]
[Site "Valencia"]
[Date "2017.07.14"]
[Round "4"]
[White "Perdomo Arvelaez, Juan Jose"]
[Black "Lopez Abreu, Michel Samuel"]
[Result "1/2-1/2"]
[WhiteElo "2116"]
[BlackElo "2077"]
[PlyCount "72"]
[EventDate "2017.07.13"]
[EventType "swiss"]
[EventRounds "9"]
[EventCountry "VEN"]
[SourceTitle "EXT 2018"]
[Source "ChessBase"]
[SourceDate "2017.10.13"]
[SourceVersion "1"]
[SourceVersionDate "2017.10.13"]
[SourceQuality "1"]

1. d4 Nf6 2. Nf3 e6 3. Bf4 c5 4. e3 Qb6 5. Qc1 cxd4 6. exd4 Nc6 7. c3 d6 8. Nbd2 Qc7 9. h3 Be7 10. Bd3 e5 11. Bh2 Be6 12. 0-0 exd4 13. cxd4 Rc8 14. Qd1 0-0 15. Rc1 Qd7 16. Qa4 a6 17. Rfe1 Nd5 18. Bb1 Rfe8 19. Ne4 h6 20. Qd1 f5 21. Ng3 g6 22. Qd2 Kg7 23. Ne2 Bf6 24. h4 Bf7 25. Nf4 Rxe1+ 26. Rxe1 Re8 27. Rxe8 Qxe8 28. h5 g5 29. Ng6 Qd7 30. Qd3 g4 31. Nfh4 Bxg6 32. Nxg6 Nxd4 33. Nf4 Nxf4 34. Bxf4 Qe6 35. Be3 Qe5 36. Kf1 Qd5 1/2-1/2

[Event "Valencia 1st"]
[Site "Valencia"]
[Date "2017.05.12"]
[Round "2"]
[White "Sanchez Alvarez, Kelvin Antonio"]
[Black "Lopez Abreu, Michel Samuel"]
[Result "1-0"]
[WhiteElo "2239"]
[BlackElo "2112"]
[PlyCount "73"]
[EventDate "2017.05.12"]
[EventType "tourn"]
[EventRounds "5"]
[EventCountry "VEN"]
[SourceTitle "EXT 2018"]
[Source "ChessBase"]
[SourceDate "2017.10.13"]
[SourceVersion "1"]
[SourceVersionDate "2017.10.13"]
[SourceQuality "1"]

1. e4 Nf6 2. e5 Nd5 3. c4 Nb6 4. d4 d6 5. f4 g6 6. Nc3 Bg7 7. Be3 0-0 8. Rc1 Be6 9. b3 Na6 10. h3 c5 11. d5 Bf5 12. Nf3 h5 13. Be2 Nd7 14. e6 fxe6 15. dxe6 Bxe6 16. Ng5 Bf7 17. Bf3 Qa5 18. Qd2 Nb4 19. Bxb7 Rae8 20. Be4 Nf6 21. Bb1 d5 22. cxd5 Rd8 23. 0-0 Nfxd5 24. Nxd5 Rxd5 25. Qe2 Be8 26. a4 Qa6 27. Qxa6 Nxa6 28. Be4 Rd6 29. Rfe1 Bd4 30. Bxd4 cxd4 31. Bd3 Bf7 32. Rxe7 Bxb3 33. Rxa7 Nb4 34. Rcc7 Rxf4 35. Rg7+ Kf8 36. Nh7+ Ke8 37. Ra8+ 1-0

[Event "VEN-ch U18"]
[Site "San Antonio de los Altos"]
[Date "2016.04.01"]
[Round "1"]
[White "Troyani Seijas, Gian Mauro"]
[Black "Lopez Abreu, Michel Samuel"]
[Result "0-1"]
[WhiteElo "1943"]
[BlackElo "2099"]
[PlyCount "108"]
[EventDate "2016.04.01"]
[EventType "swiss"]
[EventRounds "7"]
[EventCountry "VEN"]
[SourceTitle "EXT 2018"]
[Source "ChessBase"]
[SourceDate "2017.10.13"]
[SourceVersion "1"]
[SourceVersionDate "2017.10.13"]
[SourceQuality "1"]

1. e4 Nf6 2. Nc3 d5 3. exd5 Nxd5 4. Bc4 Nb6 5. Bb3 c5 6. d3 Nc6 7. Nf3 Bf5 8. Be3 e5 9. Ng5 Bg6 10. Qf3 Qd7 11. 0-0-0 Nd4 12. Bxd4 cxd4 13. Nd5 h6 14. Ne4 Nxd5 15. Bxd5 0-0-0 16. Bb3 f5 17. Nd2 Bd6 18. Qg3 Bh5 19. Rde1 g5 20. Nc4 f4 21. Nxd6+ Kb8 22. Qh3 Bg4 23. Ba4 Qxa4 24. Qxg4 Rxd6 25. a3 Rc8 26. Qd1 Rc5 27. Re2 Rb6 28. c4 Rb3 29. Rhe1 b5 30. Rxe5 Rxe5 31. Rxe5 bxc4 32. Qe1 cxd3 33. Re8+ Kb7 34. Qe4+ Qc6+ 35. Qxc6+ Kxc6 36. Re6+ Kd5 37. Rxh6 d2+ 38. Kxd2 Rxb2+ 39. Kd3 Rxf2 40. Ra6 Rxg2 41. Ra5+ Ke6 42. Kxd4 g4 43. Ke4 f3 44. Ra6+ Kf7 45. Rxa7+ Kg6 46. Ra6+ Kh5 47. Ra5+ Kh4 48. Ke3 Re2+ 49. Kd3 Rxh2 50. Ke3 Re2+ 51. Kd3 Kg3 52. Rf5 Re6 53. a4 Kg2 54. a5 f2 0-1

[Event "Caracas FVA 80th Ann"]
[Site "Caracas"]
[Date "2015.12.16"]
[Round "1"]
[White "Lopez Abreu, Michel Samuel"]
[Black "Cova Padron, Jancy Gabriel"]
[Result "1-0"]
[WhiteElo "1990"]
[BlackElo "1527"]
[PlyCount "119"]
[EventDate "2015.12.16"]
[EventType "swiss"]
[EventRounds "8"]
[EventCountry "VEN"]
[SourceTitle "EXT 2018"]
[Source "ChessBase"]
[SourceDate "2017.10.13"]
[SourceVersion "1"]
[SourceVersionDate "2017.10.13"]
[SourceQuality "1"]

1. c4 e5 2. Nc3 Nf6 3. Nf3 Nc6 4. g3 Bc5 5. Bg2 0-0 6. 0-0 d6 7. d3 h6 8. a3 a5 9. Rb1 Bf5 10. Na4 Qd7 11. Nxc5 dxc5 12. Be3 e4 13. dxe4 Qxd1 14. Rbxd1 Nxe4 15. Nh4 Bh7 16. Bxe4 Bxe4 17. Rd7 Rad8 18. Rxc7 Nd4 19. Bxd4 cxd4 20. f3 Bc6 21. Nf5 Rfe8 22. Ne7+ Kf8 23. Nxc6 bxc6 24. Kf2 Re6 25. Rd1 Rdd6 26. b4 axb4 27. axb4 Ke8 28. Ra1 Rd7 29. Rxd7 Kxd7 30. Ra7+ Ke8 31. Rc7 g5 32. Ke1 d3 33. e4 g4 34. fxg4 Rxe4+ 35. Kd2 Rxc4 36. Kxd3 Rxg4 37. Rxc6 Rxb4 38. Rxh6 Kf8 39. Ke3 Kg7 40. Rd6 f6 41. Rd4 Rb5 42. Kf3 Rc5 43. Rg4+ Kh6 44. Kf4 Re5 45. h4 Rd5 46. Rg8 Kh7 47. Re8 Kg6 48. g4 Kf7 49. Re4 Kg6 50. Rc4 Ra5 51. Rd4 Rc5 52. Rb4 Ra5 53. h5+ Kh6 54. Rb7 Ra1 55. Rf7 Rf1+ 56. Ke3 Kg5 57. Rg7+ Kh4 58. h6 Kg3 59. h7 Rh1 60. g5 1-0